| 000 | 00911nam a2200289 a 4500 | ||
|---|---|---|---|
| 001 | 000010629 | ||
| 003 | DO-SdBNP | ||
| 005 | 20180214105517.0 | ||
| 007 | 000010629 | ||
| 008 | 091008s1986 dr 000 0 spa d | ||
| 040 |
_aBPMSU _bspa _cBPMSU |
||
| 082 |
_aRD861.44 _bO45h |
||
| 100 | 1 |
_aOlea, Ángel _d1959- |
|
| 245 | 1 | 3 |
_aEl hombre interior / _cAngel Olea ; ilustraciones Juan Valoy. |
| 260 |
_aSanto Domingo : _bBiblioteca Nacional, _c1986. |
||
| 490 | 1 | _aOrfeo | |
| 500 | _aIncluye datos biográficos del autor en la contraportada | ||
| 590 | _aPerteneció a la biblioteca personal de Juan Isidro Jimenes Grullón. | ||
| 650 | 4 | _aPOESÍA DOMINICANA | |
| 650 | 4 | _aLITERATURA DOMINICANA | |
| 700 | 1 | 2 |
_aValoy, Juan _bil. |
| 830 | 0 | _aOrfeo | |
| 910 | _aValidado. Control de calidad MFF | ||
| 942 |
_2ddc _cBK |
||
| 945 | _aInventariado, 2018/ YL | ||
| 956 |
_aVMATEO _b10 _c20120111 _lBPMSU _h0069 |
||
| 999 |
_c7366 _d7366 |
||